Convenio sobre la distribución de señales portadoras de programas transmitidas por satélite. (Registro nro. 38395)
[ vista simple ]
| 000 -CABECERA | |
|---|---|
| campo de control de longitud fija | 00355nam a2200109 a 4500 |
| 001 - NÚMERO DE CONTROL | |
| campo de control | 000038905 |
| 005 - FECHA Y HORA DE LA ÚLTIMA TRANSACCIÓN | |
| campo de control | 20201002031420.0 |
| 008 - DATOS DE LONGITUD FIJA--INFORMACIÓN GENERAL | |
| campo de control de longitud fija | 130502s1998 000 spa d |
| 040 ## - FUENTE DE LA CATALOGACIÓN | |
| Centro catalogador/agencia de origen | DO-SdBNP |
| Lengua de catalogación | spa |
| Centro/agencia transcriptor | BNPHU |
| 245 10 - MENCIÓN DE TÍTULO | |
| Título | Convenio sobre la distribución de señales portadoras de programas transmitidas por satélite. |
| 260 ## - PUBLICACIÓN, DISTRIBUCIÓN, ETC. | |
| Lugar de publicación, distribución, etc. | Ginebra -- OMPI, |
| Fecha de publicación, distribución, etc. | 1998 -- 9 p. |
| Estado de retiro | Estado de pérdida | Restricciones de uso | No para préstamo | Código de colección | Localización permanente | Ubicación/localización actual | Ubicación en estantería | Fecha de adquisición | Número de inventario | Total de préstamos | Signatura topográfica completa | Código de barras | Fecha visto por última vez | Precio válido a partir de | Tipo de ítem Koha |
|---|---|---|---|---|---|---|---|---|---|---|---|---|---|---|---|
| Monografías: Libros y Folletos | General | General | Orden iniciada | 02.05.2013 | LF1 | 38905-10 | 25.06.2020 | 25.06.2020 | No se presta | ||||||
| Monografías: Libros y Folletos | General | General | Orden iniciada | 03.06.2013 | LF1 | 38905-20 | 25.06.2020 | 25.06.2020 | No se presta |
